Amateur telescope making advanced (Record no. 1898)

MARC details
000 -LEADER
fixed length control field 00507nam a2200169Ia 4500
003 - CONTROL NUMBER IDENTIFIER
control field IN-BaIIA
008 - FIXED-LENGTH DATA ELEMENTS--GENERAL INFORMATION
fixed length control field 211028s9999 xx 000 0 eng d
040 ## - CATALOGING SOURCE
Transcribing agency IIA Library
080 ## - UNIVERSAL DECIMAL CLASSIFICATION NUMBER
Universal Decimal Classification number 520.2
Item number AMA-2
245 #0 - TITLE STATEMENT
Title Amateur telescope making advanced
Statement of responsibility, etc. edited by Albert G. Ingalls
260 ## - PUBLICATION, DISTRIBUTION, ETC.
Place of publication, distribution, etc. U.S.A
Name of publisher, distributor, etc. Scientific American
Date of publication, distribution, etc. 1959
300 ## - PHYSICAL DESCRIPTION
Extent vi, 650p.
650 ## - SUBJECT ADDED ENTRY--TOPICAL TERM
Topical term or geographic name entry element Astronomical instrumentation
9 (RLIN) 3629
650 ## - SUBJECT ADDED ENTRY--TOPICAL TERM
Topical term or geographic name entry element Astronomy and astrophysics thesaurus
700 ## - ADDED ENTRY--PERSONAL NAME
Personal name Ingalls, Albert G., ed.
9 (RLIN) 3630
942 ## - ADDED ENTRY ELEMENTS (KOHA)
Koha item type Books
Holdings
Withdrawn status Lost status Damaged status Not for loan Home library Current library Shelving location Date acquired Cost, normal purchase price Total Checkouts Full call number Barcode Date last seen Cost, replacement price Price effective from Koha item type Purchase Price
        IIA Library-Bangalore IIA Library-Bangalore General Stacks   81.00   520.2/ AMA-2 2085 05/11/2021 81.00   Books Rs. 81.00

Powered by Koha